000 01244 a2200157 4500
003 OSt
005 20251128163302.0
008 251128b |||||||| |||| 00| 0 eng d
020 _a9789370039797
100 _aBond R.
_9215544
245 _aEchoes of Eerie Encounters
260 _bRupa Publication
_c2025
_aMumbai
300 _a312pp.
520 _a‘Something rose out of the bottom of the pool. It looked like a giant snail, but its head was part human, its body and limbs part squid or octopus. An enormous succubus. It stood taller than the man in the pool. A creature soft and slimy, a survivor from our primaeval past.’ Take a plunge into Echoes of Eerie Encounters, a collection of Ruskin Bond’s most haunting stories; some bone-chilling and others rib-tickling. Is it ghosts you seek? There are phantom encounters waiting to happen—in abandoned houses, lonesome hill roads, forgotten bars and even the shadows of crowds. Or do you crave the company of murderers and scoundrels? They are here too, holding court with poisons and knives, biding their time. The darkness beckons, with all the strange things and people that find comfort in it. Journey on… Who knows what you might find…
942 _cBK
_2ddc
999 _c369175
_d369175